Cases & materials on oral and documentary evidence (civil and criminal) / (Record no. 1896)
[ view plain ]
| 000 -LEADER | |
|---|---|
| fixed length control field | nam a22 a 4500 |
| 003 - CONTROL NUMBER IDENTIFIER | |
| control field | AKMAL |
| 005 - DATE AND TIME OF LATEST TRANSACTION | |
| control field | 20170512114639.0 |
| 008 - FIXED-LENGTH DATA ELEMENTS--GENERAL INFORMATION | |
| fixed length control field | 170512s1996 my l 00 eng d |
| 020 ## - INTERNATIONAL STANDARD BOOK NUMBER | |
| International Standard Book Number | 967890795X: |
| Terms of availability | RM 90.00 |
| 040 ## - CATALOGING SOURCE | |
| Original cataloging agency | AKMAL |
| 082 04 - DEWEY DECIMAL CLASSIFICATION NUMBER | |
| Classification number | 347.595064 CAS |
| 090 ## - LOCALLY ASSIGNED LC-TYPE CALL NUMBER (OCLC); LOCAL CALL NUMBER (RLIN) | |
| Classification number (OCLC) (R) ; Classification number, CALL (RLIN) (NR) | 347.595064 |
| Local cutter number (OCLC) ; Book number/undivided call number, CALL (RLIN) | CAS |
| 100 ## - MAIN ENTRY--PERSONAL NAME | |
| Personal name | Sarkar, A. K. |
| 9 (RLIN) | 3938 |
| 245 10 - TITLE STATEMENT | |
| Title | Cases & materials on oral and documentary evidence (civil and criminal) / |
| Statement of responsibility, etc. | by A.K.Sarkar & S.K.Awasthi |
| 260 ## - PUBLICATION, DISTRIBUTION, ETC. | |
| Place of publication, distribution, etc. | Kuala Lumpur : |
| Name of publisher, distributor, etc. | International Law Book Services, |
| Date of publication, distribution, etc. | 1996 |
| 300 ## - PHYSICAL DESCRIPTION | |
| Extent | viii, 796p. ; |
| Dimensions | 25cm |
| 650 ## - SUBJECT ADDED ENTRY--TOPICAL TERM | |
| Topical term or geographic name entry element | Evidence, Criminal |
| Geographic subdivision | Malaysia |
| 9 (RLIN) | 3939 |
| 650 ## - SUBJECT ADDED ENTRY--TOPICAL TERM | |
| Topical term or geographic name entry element | Civil law |
| Geographic subdivision | Malaysia |
| 9 (RLIN) | 3868 |
| 700 0# - ADDED ENTRY--PERSONAL NAME | |
| Personal name | Awasthi, S. K. |
| 9 (RLIN) | 3940 |
| 942 ## - ADDED ENTRY ELEMENTS (KOHA) | |
| Source of classification or shelving scheme | |
| Koha item type | Book |
| Withdrawn status | Lost status | Source of classification or shelving scheme | Damaged status | Not for loan | Collection code | Home library | Current library | Shelving location | Date acquired | Inventory number | Total Checkouts | Full call number | Barcode | Date last seen | Price effective from | Koha item type |
|---|---|---|---|---|---|---|---|---|---|---|---|---|---|---|---|---|
| NON-FICTION | AKMAL Melaka | AKMAL Melaka | PINJAMAN | 12.05.2017 | 002992 | 347.595064 CAS | 201705915 | 12.05.2017 | 12.05.2017 | Book |
